Crisis económica y lucha popular/

Kaydedildi:
Detaylı Bibliyografya
Yazar: Ramírez, Francisco
Diğer Yazarlar: Gamboa, Francisco
Materyal Türü: Metin
Baskı/Yayın Bilgisi: San José: Editorial Presbere
Etiketler: Etiketle
Etiket eklenmemiş, İlk siz ekleyin!

MARC

LEADER 00000 a a2200000 04500
001 15267
003
040
090 |a 018300  
100 |a Ramírez, Francisco  
245 |a Crisis económica y lucha popular/   |c Francisco Ramírez 
260 |a San José:   |b Editorial Presbere  
300 |a 48 p.  
700 |a Gamboa, Francisco  
999 |c 16035  |d 16035